000 01067nam a2200205 4500
008 200303s2000 es ||||er|||| 001 0 spa d
020 _a849630485
041 _aspa
092 _c808
_l54
_sMUN
100 1 _aMuñoz Molina, Antonio.
_94120
245 3 _aLa poseída /
_cAntonio Muñoz Molina.
250 _a1a ed.
260 _aMadrid:
_bH. Kliczkowski;
_c2000.
300 _a64 p.
500 _aMuñoz Molina, A. (2000). La poseída. (1a ed.). Madrid : Kliczkowski.
505 _aRecuerdos de la infancia, ponerse en el lugar del "otro", una fotografía antigua de angustiosa actualidad, y el amor como eje conductor de sus cuentos y relatos, esto es lo que nos presenta Antonio Muñoz Molina con su escritura vigorosa, reflexiva e innovadora. La poseída ofrece una selección de los artículos y relatos del autor que mejor plasman su capacidad para despertar nuestros sentidos ante la feroz rutina que amenaza con adormecerlos.
590 _aProyecto 4to libro. Donación Otero Moreno, Camilo. Marzo 2020.
655 _aLiteratura
_92917
942 _2ddc
_cLIT
999 _c3079
_d3079